[Event "Champ FRA - Under 8"]
[Site "Europe Echecs"]
[Date "2020.07.06"]
[Round "9"]
[Time "17:53:35"]
[PlyCount "134"]
[White "LlariMarc"]
[Black "DuquesneAdrien"]
[WhiteElo "799"]
[BlackElo "1230"]
[Mode "WEB"]
[Result "1-0"]

1. e4 e5 2. Nf3 Nc6 3. Bc4 Bc5 4. O-O Nf6 5. d3 O-O 6. Be3 Bxe3 7. fxe3 Ng4 8.
Qe2 d6 9. h3 Nf6 10. Nbd2 Na5 11. Bb3 Nxb3 12. axb3 Be6 13. d4 exd4 14. exd4 Re8
15. c3 Bd7 16. b4 d5 17. e5 Nh5 18. Qf2 Nf4 19. Nh2 Nh5 20. Qxf7+ Kh8 21. Qxh5
Rf8 22. Qe2 a6 23. Rf2 Bb5 24. Qe3 Qe7 25. b3 Rae8 26. c4 dxc4 27. bxc4 Bc6 28.
Raf1 Rxf2 29. Rxf2 Qe6 30. d5 Bxd5 31. cxd5 Qxd5 32. Qf3 Qa2 33. Qf8+ Rxf8 34.
Rxf8+ Qg8 35. Rxg8+ Kxg8 36. Nhf3 Kf7 37. Kf2 Ke6 38. Ke3 Kd5 39. Kd3 b6 40. Ne4
c5 41. bxc5 bxc5 42. Ng3 a5 43. Kc3 c4 44. Nf5 g6 45. Ne7+ Kc5 46. Nc8 a4 47. e6
a3 48. e7 a2 49. e8=Q a1=Q+ 50. Kc2 Qa2+ 51. Kd1 Qb1+ 52. Ke2 Qd3+ 53. Kf2 Qc2+
54. Kg3 c3 55. Qe7+ Kc4 56. Ne5+ Kb3 57. Qb7+ Ka2 58. Qa6+ Kb1 59. Qb5+ Kc1 60.
Nd3+ Kd2 61. Nf4 Qf5 62. Qe2+ Kc1 63. Nd3+ Kb1 64. Qd1+ Ka2 65. Qc2+ Ka3 66.
Qxc3+ Ka4 67. Qb4# {DuquesneAdrien est échec et mat} 1-0

[Event "Champ FRA - Under 8"]
[Site "Europe Echecs"]
[Date "2020.07.06"]
[Round "9"]
[Time "17:53:35"]
[PlyCount "89"]
[White "LacanrusDavid"]
[Black "LequangEnzo"]
[WhiteElo "1136"]
[BlackElo "1068"]
[Mode "WEB"]
[Result "0-1"]

1. e4 e5 2. Nf3 Nc6 3. Bc4 Bc5 4. c3 Nf6 5. d4 exd4 6. cxd4 Bb4+ 7. Nc3 Nxe4 8.
O-O Bxc3 9. d5 Bf6 10. Re1 Ne7 11. Rxe4 d6 12. Bg5 Bxg5 13. Nxg5 Bf5 14. Re1 O-O
15. Bd3 Bxd3 16. Qxd3 Ng6 17. Nf3 Re8 18. Rxe8+ Qxe8 19. Re1 Qd7 20. Qe2 Kf8 21.
Ng5 h6 22. Nf3 Re8 23. Qd2 Rxe1+ 24. Qxe1 Ne7 25. Qd2 Qf5 26. h3 Qb1+ 27. Kh2
Qxa2 28. Qc2 Nxd5 29. Qf5 Ne7 30. Qd7 Nc6 31. Qxc7 Qxb2 32. Qxd6+ Kg8 33. Qc7
Qxf2 34. Qc8+ Kh7 35. Qf5+ Kg8 36. Qc8+ Kh7 37. Qxb7 Qb6 38. Qxf7 Qb8+ 39. Kh1
a5 40. Nh4 Qd6 41. Nf5 Qg6 42. Qxg6+ Kxg6 43. Nd6 Nd4 44. Nb5 Nxb5 {LacanrusDavid a abandonné} 0-1

[Event "Champ FRA - Under 8"]
[Site "Europe Echecs"]
[Date "2020.07.06"]
[Round "9"]
[Time "17:53:35"]
[PlyCount "64"]
[White "AkyuzEnes"]
[Black "CharrierShayan"]
[WhiteElo "1092"]
[BlackElo "1260"]
[Mode "WEB"]
[Result "1-0"]

1. e4 c6 2. d4 d5 3. exd5 cxd5 4. c4 dxc4 5. Bxc4 Bf5 6. Nf3 Nf6 7. Nc3 e6 8.
O-O h6 9. Re1 Be7 10. Bf4 Nbd7 11. d5 Nc5 12. d6 Bf8 13. Bb5+ Nfd7 14. Nh4 Qxh4
15. Bxd7+ Nxd7 16. Bg3 Qd8 17. Nb5 Rc8 18. Nc7+ Rxc7 19. dxc7 Qc8 20. Bd6 Bh7
21. Bxf8 Nxf8 22. Qd6 Nd7 23. Re3 Bc2 24. Rae1 Bf5 25. h3 h5 26. f3 Nf6 27. Rd1
Nd7 28. g4 hxg4 29. fxg4 Rxh3 30. Rxh3 Nf8 31. Qd8+ Qxd8 32. cxd8=Q# {CharrierShayan est échec et mat} 1-0

[Event "Champ FRA - Under 8"]
[Site "Europe Echecs"]
[Date "2020.07.06"]
[Round "9"]
[Time "17:53:35"]
[PlyCount "138"]
[White "MartellierAnto"]
[Black "GurevichMichel"]
[WhiteElo "1262"]
[BlackElo "1107"]
[Mode "WEB"]
[Result "1-0"]

1. d4 c5 2. d5 Nf6 3. Nc3 e5 4. e4 c4 5. Bxc4 Bb4 6. Qd3 O-O 7. Nf3 Qb6 8. Nxe5
d6 9. Nf3 Ng4 10. O-O Bc5 11. Qe2 f5 12. Na4 Qb4 13. Nxc5 Qxc5 14. Bg5 fxe4 15.
Qxe4 Bf5 16. Qe2 Nd7 17. h3 Ngf6 18. Bxf6 Rxf6 19. Bb3 Bxh3 20. gxh3 Rg6+ 21.
Kh1 Qb4 22. Rg1 Rh6 23. Qe7 Rxh3+ 24. Kg2 Rh6 25. Kf1 Qb5+ 26. c4 g6 27. cxb5
Rf8 28. Qxd7 Rxf3 29. Qe6+ Kg7 30. Qxd6 Rf6 31. Qe5 Rh2 32. Qxh2 Rf5 33. Qc7+
Rf7 34. Qxf7+ Kxf7 35. d6+ Ke8 36. Rh1 h5 37. Bg8 Kd7 38. Bf7 Kxd6 39. Bxg6 Kc5
40. Rxh5+ Kc4 41. f4 Kd4 42. f5 Ke5 43. f6+ Kxf6 44. Rh7 Kxg6 45. Rxb7 Kf6 46.
Rxa7 Ke6 47. b6 Kd6 48. b7 Kc7 49. b8=Q+ Kxb8 50. Rb7+ Kxb7 51. a4 Ka6 52. a5
Ka7 53. b4 Kb7 54. b5 Ka7 55. b6+ Kb7 56. a6+ Kb8 57. a7+ Kb7 58. a8=Q+ Kxb6 59.
Qb8+ Kc5 60. Rd1 Kc6 61. Rc1+ Kd5 62. Qd8+ Ke4 63. Re1+ Kf4 64. Qf8+ Kg4 65. Kg2
Kg5 66. Re7 Kg4 67. Rg7+ Kh4 68. Qg8 Kh5 69. Qh8# {GurevichMichel est échec et mat} 1-0

[Event "Champ FRA - Under 8"]
[Site "Europe Echecs"]
[Date "2020.07.06"]
[Round "9"]
[Time "17:53:35"]
[PlyCount "131"]
[White "ToNamLong"]
[Black "BriquetTom"]
[WhiteElo "1260"]
[BlackElo "1099"]
[Mode "WEB"]
[Result "0-1"]

1. e4 e5 2. f4 exf4 3. Nf3 Bc5 4. d4 Bb6 5. Bxf4 Ne7 6. Bc4 d5 7. exd5 Nxd5 8.
Bxd5 Qxd5 9. Nc3 Qe6+ 10. Qe2 Qxe2+ 11. Kxe2 Nc6 12. Nd5 Kd7 13. Nxb6+ axb6 14.
Ne5+ Nxe5 15. dxe5 Re8 16. a3 Ra4 17. Rad1+ Kc6 18. Kf3 h5 19. Rhe1 Bg4+ 20. Kf2
Bxd1 21. Rxd1 Rxf4+ 22. Kg3 Rg4+ 23. Kh3 Rxe5 24. g3 Rd5 25. Rf1 f6 26. Re1 Rd2
27. Re6+ Rd6 28. Re1 Kc5 29. Re7 c6 30. b4+ Kc4 31. Rxb7 b5 32. Re7 Kc3 33. Re2
Rdd4 34. Re6 Kxc2 35. Rxc6+ Kb3 36. Rc5 Kxa3 37. Rxb5 Rxb4 38. Rxh5 Rg5 39. Rh8
Rbb5 40. Kh4 g6 41. Kh3 Rh5+ 42. Rxh5 Rxh5+ 43. Kg4 Ra5 44. h4 Kb3 45. Kh3 Kc3
46. Kg4 Kd4 47. Kh3 Ke3 48. Kg4 Kf2 49. Kh3 Ra3 50. Kg4 Rxg3+ 51. Kf4 Rh3 52.
Ke4 Rxh4+ 53. Kd5 f5 54. Ke5 f4 55. Kf6 f3 56. Kxg6 Kg2 57. Kf5 f2 58. Kg5 Ra4
59. Kg6 f1=Q 60. Kg7 Ra7+ 61. Kg6 Qa6+ 62. Kg5 Qb5+ 63. Kg6 Ra6+ 64. Kg7 Qb7+
65. Kh8 Ra8# {ToNamLong est échec et mat} 0-1

[Event "Champ FRA - Under 8"]
[Site "Europe Echecs"]
[Date "2020.07.06"]
[Round "9"]
[Time "17:53:35"]
[PlyCount "103"]
[White "ButotQuentin"]
[Black "LeblancCondeEv"]
[WhiteElo "1250"]
[BlackElo "1067"]
[Mode "WEB"]
[Result "0-1"]

1. e4 e6 2. Nf3 d5 3. d3 c5 4. c3 Nc6 5. d4 Qb6 6. Be3 Qxb2 7. Nbd2 Qxc3 8. Rc1
Qa5 9. dxc5 Qxa2 10. exd5 exd5 11. Bd3 Qa3 12. Nb1 Qa5+ 13. Bd2 Qc7 14. O-O Be7
15. Nc3 Nf6 16. Bg5 Be6 17. g3 O-O 18. Bf4 Qd7 19. Bb5 Bxc5 20. Na4 Be7 21. Bxc6
bxc6 22. Nc5 Bxc5 23. Rxc5 Ne4 24. Rc2 Bg4 25. h3 Bxh3 26. Bc1 Bxf1 27. Kxf1
Qh3+ 28. Ke2 Qg2 29. Ke3 Rfe8 30. Qd4 Qxf2+ 31. Kd3 Qxf3+ 32. Be3 c5 33. Qxd5
Rad8 34. Qxd8 Rxd8+ 35. Kc4 Qxe3 36. Kb5 Qb3+ 37. Kc6 Qxc2 38. Kc7 Qd3 39. Kc6
Qd5+ 40. Kb5 c4+ 41. Kb4 c3 42. Ka3 Qa5+ 43. Kb3 Nd2+ 44. Kc2 Rb8 45. Kd3 Nf3
46. Ke3 c2 47. Kxf3 c1=Q 48. Ke4 Qc4+ 49. Ke3 Rb3+ 50. Kf2 Qa2+ 51. Ke1 Qc1# {ButotQuentin est échec et mat} 0-1

[Event "Champ FRA - Under 8"]
[Site "Europe Echecs"]
[Date "2020.07.06"]
[Round "9"]
[Time "17:53:35"]
[PlyCount "81"]
[White "TavaresRibeiro"]
[Black "TuMathias"]
[WhiteElo "1225"]
[BlackElo "1051"]
[Mode "WEB"]
[Result "1/2-1/2"]

1. c4 e5 2. Nc3 Nc6 3. Nf3 Nf6 4. g3 d5 5. cxd5 Nxd5 6. Bg2 Be6 7. O-O Bb4 8.
Qc2 O-O 9. b3 Nd4 10. Nxd4 exd4 11. Nxd5 Bxd5 12. Bb2 Bxg2 13. Kxg2 f5 14. Qc4+
Rf7 15. Qxb4 Qd5+ 16. Kg1 c5 17. Qc4 Qc6 18. Rac1 Rc8 19. Ba3 b6 20. b4 b5 21.
Qxc5 Qxc5 22. bxc5 a5 23. Bb2 Rd7 24. e3 dxe3 25. dxe3 Rd2 26. Bc3 Rxa2 27. Bd4
b4 28. Rb1 Rb8 29. Rfc1 b3 30. Kg2 a4 31. Be5 Re8 32. Bd4 Rb8 33. Rc4 b2 34. Rc2
a3 35. Bxb2 Raxb2 36. Rcxb2 Rxb2 37. Ra1 a2 38. c6 Rc2 39. Kf3 Kf7 40. h4 Ke7 {Nulle par accord mutuel} 1/2-1/2

[Event "Champ FRA - Under 8"]
[Site "Europe Echecs"]
[Date "2020.07.06"]
[Round "9"]
[Time "17:53:35"]
[PlyCount "132"]
[White "NicotValentin"]
[Black "TranAmarAndy"]
[WhiteElo "1041"]
[BlackElo "1154"]
[Mode "WEB"]
[Result "1-0"]

1. e4 e6 2. d4 d5 3. Nc3 Bb4 4. e5 f6 5. Bd3 fxe5 6. Qh5+ g6 7. Bxg6+ Ke7 8.
Bg5+ Nf6 9. Qh4 Rf8 10. Qxh7+ Kd6 11. dxe5+ Kc6 12. Bxf6 Qd7 13. Qxd7+ Nxd7 14.
Bh4 d4 15. a3 Ba5 16. b4 Bb6 17. b5+ Kc5 18. Be7+ Kc4 19. Bxf8 Nxf8 20. Nce2
Nxg6 21. Nf3 Bd7 22. Rb1 Ba5+ 23. Kd1 Bxb5 24. Nd2+ Bxd2 25. Kxd2 Rd8 26. Rb4+
Kc5 27. Rhb1 Bc6 28. Rc1 Nxe5 29. Ke1 a5 30. Rb3 Kc4 31. Rg3 d3 32. cxd3+ Kb5
33. Rb1+ Kc5 34. d4+ Rxd4 35. Nxd4 Kxd4 36. Rd1+ Kc5 37. Rg5 Kc4 38. Rxe5 Bxg2
39. Rxe6 Bf3 40. Rc1+ Kd5 41. Re3 Bg4 42. Rxc7 b5 43. Rg7 Bf5 44. Rg5 Kc4 45.
Rxf5 b4 46. Rxa5 b3 47. Rxb3 Kxb3 48. h4 Kc3 49. h5 Kd4 50. Rg5 Ke4 51. a4 Kd3
52. a5 Kc2 53. Rc5+ Kb1 54. Kd2 Ka2 55. Rb5 Ka3 56. Kc3 Ka4 57. Rb8 Kxa5 58. Kc4
Ka6 59. Kc5 Ka7 60. Rb4 Ka6 61. Rb3 Ka7 62. Kc6 Ka8 63. h6 Ka7 64. h7 Ka8 65.
h8=Q+ Ka7 66. Qa1# {TranAmarAndy est échec et mat} 1-0

[Event "Champ FRA - Under 8"]
[Site "Europe Echecs"]
[Date "2020.07.06"]
[Round "9"]
[Time "17:53:35"]
[PlyCount "52"]
[White "LazignacAslany"]
[Black "FonsatEthan"]
[WhiteElo "799"]
[BlackElo "1130"]
[Mode "WEB"]
[Result "1-0"]

1. e4 e5 2. Nf3 Bd6 3. Nc3 Nf6 4. Bc4 O-O 5. d4 exd4 6. Qxd4 Nc6 7. Qd3 Nb4 8.
Qe2 Re8 9. e5 Ng4 10. O-O Nxe5 11. Nxe5 Rxe5 12. Qf3 Re7 13. Bg5 Nxc2 14. Bxe7
Qxe7 15. Nd5 Qh4 16. Ne7+ Qxe7 17. Rac1 Nd4 18. Qd5 Ne2+ 19. Bxe2 Qxe2 20. Rfe1
Qxe1+ 21. Rxe1 g6 22. Re8+ Kg7 23. Qd4+ f6 24. Qd5 Be5 25. Re7+ Kf8 26. Qf7# {FonsatEthan est échec et mat} 1-0

[Event "Champ FRA - Under 8"]
[Site "Europe Echecs"]
[Date "2020.07.06"]
[Round "9"]
[Time "17:53:35"]
[PlyCount "68"]
[White "CerclierAxel"]
[Black "ManvieuPaul"]
[WhiteElo "1440"]
[BlackElo "1018"]
[Mode "WEB"]
[Result "1-0"]

1. e4 e6 2. Nf3 d5 3. Nc3 dxe4 4. Nxe4 Nd7 5. Bc4 Ngf6 6. d3 b6 7. Bg5 Be7 8.
O-O Bb7 9. Qd2 Bf8 10. Nxf6+ Nxf6 11. Bb5+ c6 12. Bc4 Bd6 13. Rfe1 O-O 14. Nd4
c5 15. Nf5 exf5 16. Qe3 Ng4 17. Qh3 Qxg5 18. d4 Bxh2+ 19. Kf1 Qf4 20. f3 Bxf3
21. gxf3 Qxd4 22. Re2 Qxc4 23. b3 Qb5 24. Rae1 Rae8 25. c4 Qd7 26. fxg4 Rxe2 27.
Rxe2 Qd1+ 28. Re1 Qd3+ 29. Qxd3 fxg4 30. Qe2 Bb8 31. Qe8 Bd6 32. Qc6 Bg3 33. Re2
Rd8 34. Re8+ {ManvieuPaul a perdu au temps} 1-0

[Event "Champ FRA - Under 8"]
[Site "Europe Echecs"]
[Date "2020.07.06"]
[Round "9"]
[Time "17:53:35"]
[PlyCount "89"]
[White "ChenLucie"]
[Black "YastrebovDanie"]
[WhiteElo "900"]
[BlackElo "1390"]
[Mode "WEB"]
[Result "0-1"]

1. e4 e5 2. Nf3 Nc6 3. Bc4 Bc5 4. O-O Nf6 5. Nc3 O-O 6. d3 h6 7. Nd5 d6 8. b4
Bb6 9. Bb2 Bg4 10. h3 Bh5 11. Qe1 Bxf3 12. gxf3 Nd4 13. Qe3 Nxc2 14. Qc1 Nxa1
15. Qxa1 Nxd5 16. Bxd5 Qg5+ 17. Kh1 Qh4 18. Kh2 Bxf2 19. Rxf2 Qxf2+ 20. Kh1
Qxf3+ 21. Kg1 Qg3+ 22. Kf1 Qxh3+ 23. Ke1 Qh1+ 24. Kd2 Qg2+ 25. Kc1 Qf1+ 26. Kc2
Qe2+ 27. Kb1 Qd1+ 28. Bc1 Qxd3+ 29. Kb2 Qd4+ 30. Kb1 c6 31. Bb3 Qxe4+ 32. Bc2
Qxb4+ 33. Bb3 c5 34. Bxh6 gxh6 35. Qb2 c4 36. Qg2+ Kh7 37. Qe4+ f5 38. Qh4 e4
39. Qe7+ Kh8 40. Qh4 Kg7 41. Qg4+ fxg4 42. Kc2 cxb3+ 43. axb3 Rf2+ 44. Kb1 Qe1# {ChenLucie est échec et mat} 0-1

[Event "Champ FRA - Under 8"]
[Site "Europe Echecs"]
[Date "2020.07.06"]
[Round "9"]
[Time "17:53:35"]
[PlyCount "74"]
[White "SteinmetzBapti"]
[Black "YuEtan"]
[WhiteElo "1290"]
[BlackElo "960"]
[Mode "WEB"]
[Result "1-0"]

1. e4 c5 2. Nf3 Nc6 3. d4 cxd4 4. Nxd4 Nf6 5. Nc3 e5 6. Nxc6 bxc6 7. Bc4 Be7 8.
O-O Bb7 9. Bg5 d5 10. exd5 cxd5 11. Bb5+ Kf8 12. Re1 d4 13. Ne2 Qd5 14. f3 Qxb5
15. b3 Bb4 16. Rf1 Nd5 17. a4 Qa5 18. Qd3 f6 19. Bh4 Ne3 20. Rfc1 Bc3 21. Nxc3
Qxc3 22. Qb5 Bc6 23. Qa6 Qd2 24. Bf2 Bd5 25. Qd6+ Ke8 26. Qa6 Nxc2 27. Rab1 Nb4
28. Qb5+ Kf7 29. Rc7+ Kg6 30. Qd7 Rhg8 31. Qg4+ Kh6 32. Qh3+ Kg6 33. Bh4 Rae8
34. Qg4+ Kh6 35. Qh3 g5 36. Be1+ Kg6 37. Qxh7# {YuEtan est échec et mat} 1-0

[Event "Champ FRA - Under 8"]
[Site "Europe Echecs"]
[Date "2020.07.06"]
[Round "9"]
[Time "17:53:35"]
[PlyCount "99"]
[White "SinivassaneNil"]
[Black "AnseeuwEmma"]
[WhiteElo "980"]
[BlackElo "1228"]
[Mode "WEB"]
[Result "0-1"]

1. e4 e5 2. Nf3 Nc6 3. Nc3 Nf6 4. Bb5 Bc5 5. Bxc6 bxc6 6. Nxe5 O-O 7. O-O d6 8.
Nf3 Bg4 9. d3 h6 10. h3 Bxf3 11. Qxf3 d5 12. e5 Nd7 13. Qg3 d4 14. Bxh6 g6 15.
Bxf8 Qxf8 16. Ne4 Rb8 17. Nxc5 Nxc5 18. a3 Rxb2 19. Rfc1 Na4 20. Rab1 Rxb1 21.
Rxb1 Nc3 22. Rb3 Ne2+ 23. Kh2 Nxg3 24. fxg3 Qe7 25. Rb8+ Kg7 26. a4 Qxe5 27. Ra8
Qa5 28. Rc8 Qxa4 29. Rxc7 Qxc2 30. Rxa7 Qxd3 31. g4 c5 32. g5 c4 33. Ra1 c3 34.
Rc1 Qd2 35. Rxc3 Qxc3 36. Kg1 d3 37. Kf2 d2 38. Ke2 Qc1 39. Kd3 d1=R+ 40. Ke4
Qc4+ 41. Ke3 Qe6+ 42. Kf2 Qe1+ 43. Kf3 Qe5 44. Kf2 Qxg5 45. g4 Qc5+ 46. Ke2 Qc2+
47. Ke3 Rd3+ 48. Ke4 Qc4+ 49. Ke5 Rd5# {SinivassaneNil est échec et mat} 0-1

[Event "Champ FRA - Under 8"]
[Site "Europe Echecs"]
[Date "2020.07.06"]
[Round "9"]
[Time "17:53:35"]
[PlyCount "114"]
[White "KennelArsene"]
[Black "LetellierTimot"]
[WhiteElo "1110"]
[BlackElo "1027"]
[Mode "WEB"]
[Result "1-0"]

1. e4 c5 2. Nc3 d6 3. Nf3 Nc6 4. Bc4 Bd7 5. d3 e6 6. Bf4 e5 7. Bg5 Be7 8. Bxe7
Qxe7 9. O-O Nf6 10. Ng5 O-O 11. Qf3 Bg4 12. Qg3 h6 13. Nf3 Bxf3 14. Qxf3 Nd4 15.
Qd1 a6 16. Nd5 Nxd5 17. Bxd5 Rab8 18. c3 Nc6 19. Qf3 b5 20. Bxc6 Rbc8 21. Bd5 b4
22. Rac1 bxc3 23. Rxc3 Rb8 24. b3 Qd8 25. Bc4 Qa5 26. Rc2 Qa3 27. Re1 Qb4 28.
Rf1 Qa3 29. g3 Qa5 30. h4 Kh8 31. Kg2 g6 32. h5 f5 33. hxg6 fxe4 34. Qxe4 Rbd8
35. Qh4 Kg7 36. Bf7 Qb6 37. g4 Qb7+ 38. f3 Qb5 39. Bc4 Qc6 40. Rh1 Qxf3+ 41. Kg1
Qf1+ 42. Kh2 Qf4+ 43. Qg3 Qg5 44. Kg2 Qxg6 45. Bxa6 Rf4 46. Rh4 Rdf8 47. Bb7 Rf3
48. Bxf3 Rf4 49. Be4 Qg5 50. Bf5 Kf6 51. Rh5 Rxg4 52. Bxg4 Qg6 53. Rf5+ Kg7 54.
Bh5 Qxg3+ 55. Kxg3 Kg8 56. Rcf2 e4 57. Rf8+ {LetellierTimot a abandonné} 1-0

[Event "Champ FRA - Under 8"]
[Site "Europe Echecs"]
[Date "2020.07.06"]
[Round "9"]
[Time "17:53:35"]
[PlyCount "73"]
[White "MoreauKenan"]
[Black "RogerAolis"]
[WhiteElo "820"]
[BlackElo "1098"]
[Mode "WEB"]
[Result "0-1"]

1. e4 d5 2. exd5 Nf6 3. d4 Nxd5 4. Nf3 Bg4 5. c4 Nb4 6. Qa4+ N8c6 7. d5 Bxf3 8.
dxc6 Qd1+ 9. Qxd1 Bxd1 10. Kxd1 O-O-O+ 11. Bd2 Nxc6 12. Nc3 Ne5 13. Kc2 Ng4 14.
f3 Nf2 15. Rg1 e5 16. Be3 e4 17. Bxf2 g6 18. Nxe4 Bh6 19. Be2 f5 20. Nc5 Rd2+
21. Kb3 Rxe2 22. Bd4 Rd8 23. Bc3 Bf8 24. Na4 Rd3 25. Rae1 Rf2 26. Re8+ Rd8 27.
Rxf8 Rxf8 28. Bd4 Rd2 29. Kc3 Re2 30. Nc5 Rd8 31. Nd3 b6 32. Ne5 c5 33. Nc6
cxd4+ 34. Nxd4 Re3+ 35. Kd2 Re7 36. Kc3 Red7 {MoreauKenan a perdu au temps} 0-1

[Event "Champ FRA - Under 8"]
[Site "Europe Echecs"]
[Date "2020.07.06"]
[Round "9"]
[Time "17:53:35"]
[PlyCount "159"]
[White "LefolMarius"]
[Black "TchaplyguineNi"]
[WhiteElo "799"]
[BlackElo "1090"]
[Mode "WEB"]
[Result "0-1"]

1. e4 e5 2. Nf3 Nf6 3. Nxe5 d6 4. Nf3 Nxe4 5. Qe2 Qe7 6. d3 Nf6 7. Qxe7+ Bxe7 8.
Be2 h6 9. O-O O-O 10. c4 Bg4 11. Nd4 Bxe2 12. Nxe2 Nbd7 13. Nbc3 c6 14. Be3 b6
15. b4 a5 16. bxa5 bxa5 17. a4 Rab8 18. Bd2 Rb2 19. Bc1 Rc2 20. Ra2 Rxa2 21.
Nxa2 Nc5 22. d4 Nd3 23. Nf4 Nxf4 24. Bxf4 d5 25. cxd5 Nxd5 26. Bd2 c5 27. dxc5
Bxc5 28. Bxa5 Ra8 29. Nc3 Rxa5 30. Nxd5 Bb4 31. Nxb4 Rxa4 32. Rb1 Kh7 33. h4 Kg6
34. g4 f5 35. gxf5+ Kxf5 36. Nd3 Rg4+ 37. Kh2 Rxh4+ 38. Kg3 Rg4+ 39. Kh3 Rd4 40.
Rb5+ Ke4 41. Nc5+ Kf3 42. Rb2 Rc4 43. Ne6 Rc6 44. Nxg7 Rc3 45. Nf5 Kf4+ 46. Kh4
Kxf5 47. Kh5 Rc6 48. Rb5+ Kf4 49. Rb4+ Kf3 50. Rg4 Kxf2 51. Rg6 Rc5+ 52. Kxh6
Rc3 53. Rf6+ Ke3 54. Kg5 Rc5+ 55. Kg4 Ke4 56. Rf4+ Ke3 57. Kg3 Rg5+ 58. Rg4 Ra5
59. Rh4 Ra1 60. Rf4 Rg1+ 61. Kh2 Rg8 62. Rf7 Ke2 63. Re7+ Kf3 64. Rf7+ Ke4 65.
Re7+ Kf5 66. Rf7+ Ke6 67. Rf1 Rh8+ 68. Kg3 Rg8+ 69. Kf4 Rf8+ 70. Kg3 Rxf1 71.
Kg2 Rf8 72. Kg3 Ke5 73. Kg4 Rf7 74. Kg5 Rg7+ 75. Kh5 Kf6 76. Kh6 Rg1 77. Kh7 Rg2
78. Kh8 Kf7 79. Kh7 Rh2# {LefolMarius est échec et mat} 0-1

[Event "Champ FRA - Under 8"]
[Site "Europe Echecs"]
[Date "2020.07.06"]
[Round "9"]
[Time "17:53:35"]
[PlyCount "56"]
[White "GongAlex"]
[Black "DaoAnna"]
[WhiteElo "1062"]
[BlackElo "799"]
[Mode "WEB"]
[Result "1-0"]

1. e4 e5 2. Nf3 Nc6 3. Bc4 Bc5 4. d3 Nf6 5. Nc3 d6 6. a3 Bg4 7. h3 Bh5 8. Be3
Bb6 9. Qd2 Qd7 10. O-O-O O-O-O 11. Rde1 Ba5 12. Bb5 a6 13. Ba4 Bxf3 14. gxf3 Qe6
15. Bxc6 bxc6 16. f4 Rhe8 17. f5 Qd7 18. f3 d5 19. exd5 cxd5 20. b4 d4 21. bxa5
dxc3 22. Qxc3 Nd5 23. Qc4 Nxe3 24. Qxa6+ Kb8 25. Rxe3 Qxf5 26. Re4 Qxf3 27. Rb4+
Qb7 28. Qxb7# {DaoAnna est échec et mat} 1-0

[Event "Champ FRA - Under 8"]
[Site "Europe Echecs"]
[Date "2020.07.06"]
[Round "9"]
[Time "17:53:35"]
[PlyCount "59"]
[White "LeoniMathis"]
[Black "PerrinJulian"]
[WhiteElo "799"]
[BlackElo "1050"]
[Mode "WEB"]
[Result "0-1"]

1. e4 e5 2. Nf3 Nc6 3. Nc3 Nf6 4. Bc4 g6 5. O-O Bg7 6. Ng5 Rg8 7. Bxf7+ Kf8 8.
Bxg8 Nxg8 9. Nxh7+ Ke8 10. Qf3 Qh4 11. Ng5 Qxg5 12. d4 Qh4 13. Be3 Nf6 14. h3
exd4 15. Bxd4 Nxd4 16. Qd3 Nc6 17. Rfe1 d6 18. Nd5 Nh7 19. Nxc7+ Kd8 20. Nxa8
Bd4 21. Qf3 Ng5 22. Qg3 Qh6 23. Qxd6+ Ke8 24. Nc7+ Kf7 25. Qd5+ Kf8 26. c3 Bxh3
27. g3 Nf3+ 28. Kh1 Bf1+ 29. Qh5 Qxh5# {LeoniMathis est échec et mat} 0-1

[Event "Champ FRA - Under 8"]
[Site "Europe Echecs"]
[Date "2020.07.06"]
[Round "9"]
[Time "17:53:35"]
[PlyCount "83"]
[White "CarnetAnaelle"]
[Black "KhantalinIrakl"]
[WhiteElo "1160"]
[BlackElo "799"]
[Mode "WEB"]
[Result "0-1"]

1. e4 e5 2. Nf3 Nc6 3. Bc4 Bc5 4. c3 Nf6 5. d4 exd4 6. cxd4 Bb4+ 7. Bd2 Bxd2+ 8.
Nbxd2 O-O 9. e5 d6 10. exf6 Qxf6 11. Ne4 Qf4 12. Qe2 Rd8 13. O-O d5 14. Bb5 dxe4
15. Nd2 Nxd4 16. Qh5 Qxd2 17. Bc4 Nc2 18. Rad1 Qxd1 19. Rxd1 Rxd1+ 20. Bf1 Rc1
21. Qe5 Bd7 22. Qe7 Bb5 23. h3 Rxf1+ 24. Kh2 Re8 25. Qxc7 Ba6 26. Qd7 Rf8 27.
Qg4 Rxf2 28. h4 Bf1 29. Kh3 Rxg2 30. h5 Rxg4+ 31. Kxg4 e3 32. Kf3 e2 33. Kf4
e1=Q 34. Kg4 Qe5 35. Kh4 Ba6 36. Kg4 Rc8 37. Kh4 Rc4+ 38. Kh3 Qe3+ 39. Kg2 Na3
40. Kf1 Qd2 41. Kg1 Rc1# {CarnetAnaelle est échec et mat} 0-1

[Event "Champ FRA - Under 8"]
[Site "Europe Echecs"]
[Date "2020.07.06"]
[Round "9"]
[Time "17:53:35"]
[PlyCount "102"]
[White "KeyrillosGabri"]
[Black "GhesquiereLoui"]
[WhiteElo "1044"]
[BlackElo "1160"]
[Mode "WEB"]
[Result "1-0"]

1. d4 d5 2. c4 Nf6 3. cxd5 Nxd5 4. e4 Nf6 5. Nc3 e6 6. Nf3 Be7 7. Bg5 O-O 8. Be2
Nc6 9. O-O Bd7 10. Bb5 Re8 11. Re1 h6 12. Bh4 a6 13. Ba4 b5 14. Bb3 b4 15. Nb1
a5 16. a3 a4 17. Bxa4 bxa3 18. bxa3 Na5 19. Bxd7 Qxd7 20. Nc3 Nc4 21. Bxf6 Bxf6
22. a4 Nb2 23. Qb3 Nd3 24. Red1 Nf4 25. Qb5 c6 26. Qc4 Rad8 27. e5 Be7 28. Ne2
Nxe2+ 29. Qxe2 Qd5 30. Qa2 Qe4 31. Re1 Qg4 32. h3 Qf4 33. Re2 g5 34. Rae1 g4 35.
Re4 Qf5 36. hxg4 Qg6 37. Rf4 h5 38. gxh5 Qxh5 39. Ree4 Rf8 40. Rg4+ Kh7 41. Rh4
Bxh4 42. Rxh4 Qxh4 43. Nxh4 Kg7 44. Qe2 Rh8 45. Qg4+ Kf8 46. Nf3 Ke7 47. Qf4 Rh7
48. Ng5 Rg7 49. Qf6+ Kf8 50. Nxe6+ Ke8 51. Qxd8# {GhesquiereLoui est échec et mat} 1-0

[Event "Champ FRA - Under 8"]
[Site "Europe Echecs"]
[Date "2020.07.06"]
[Round "9"]
[Time "17:53:35"]
[PlyCount "118"]
[White "GanbatTushig"]
[Black "RodriguezAntoi"]
[WhiteElo "799"]
[BlackElo "1110"]
[Mode "WEB"]
[Result "1-0"]

1. e4 e6 2. d4 d5 3. exd5 exd5 4. Bd3 Nc6 5. Nf3 Nf6 6. Nc3 Bc5 7. dxc5 d4 8.
Ne4 Qe7 9. Qe2 Bf5 10. Nfd2 Nxe4 11. Bxe4 Bxe4 12. Qxe4 Qxe4+ 13. Nxe4 O-O 14.
O-O Rfe8 15. Re1 f5 16. Bf4 Rxe4 17. Rxe4 fxe4 18. Bxc7 Rc8 19. Bf4 Kf7 20. Re1
Re8 21. c3 dxc3 22. bxc3 Kf6 23. g3 Kf5 24. Rd1 g5 25. Be3 Ne5 26. h3 Nf3+ 27.
Kg2 g4 28. hxg4+ Kxg4 29. Rd7 h5 30. Rxb7 h4 31. gxh4 Nxh4+ 32. Kh2 Nf3+ 33. Kg2
Ne1+ 34. Kf1 Nf3 35. Rxa7 Nh2+ 36. Kg2 Nf3 37. Rg7+ Kh4 38. Bg5+ Nxg5 39. f4 Nf3
40. c6 Rc8 41. c7 Kh5 42. a4 Kh6 43. Rf7 Kg6 44. Re7 Kf6 45. Rxe4 Nd2 46. Rb4
Ke6 47. Rb6+ Kd7 48. Rb7 Rxc7 49. Rxc7+ Kxc7 50. f5 Ne4 51. Kf3 Ng5+ 52. Kf4 Nf7
53. f6 Kd6 54. Kf5 Kd7 55. Kg6 Ke6 56. a5 Ne5+ 57. Kg7 Nf7 58. a6 Ne5 59. a7 {RodriguezAntoi a abandonné} 1-0

[Event "Champ FRA - Under 8"]
[Site "Europe Echecs"]
[Date "2020.07.06"]
[Round "9"]
[Time "17:53:35"]
[PlyCount "59"]
[White "EboueZacharie"]
[Black "DoucetPaulLoup"]
[WhiteElo "1500"]
[BlackElo "1060"]
[Mode "WEB"]
[Result "0-1"]

1. e4 d5 2. exd5 Nf6 3. Nf3 Nxd5 4. Bc4 e6 5. d3 Nc6 6. O-O Bc5 7. Bf4 Nxf4 8.
Re1 O-O 9. g3 Nh3+ 10. Kg2 Nxf2 11. Qd2 b6 12. Bb5 Bd7 13. Nc3 Nd4 14. Nxd4 Bxd4
15. Bc4 Bxc3 16. Qxc3 Ng4 17. Re4 Bc6 18. h3 Bxe4+ 19. dxe4 Nf6 20. e5 Ne4 21.
Qf3 Nd2 22. Qc3 Nxc4 23. Qxc4 Qd2+ 24. Kh1 Rad8 25. Qxc7 Qd5+ 26. Kh2 Qd2+ 27.
Kh1 Qf2 28. Qc6 Rd2 29. Rg1 Qh2# {EboueZacharie est échec et mat} 0-1

[Event "Champ FRA - Under 8"]
[Site "Europe Echecs"]
[Date "2020.07.06"]
[Round "9"]
[Time "17:53:35"]
[PlyCount "55"]
[White "RosuMatei"]
[Black "ArnouldMaxime"]
[WhiteElo "1091"]
[BlackElo "1450"]
[Mode "WEB"]
[Result "0-1"]

1. e4 e5 2. Nf3 Nc6 3. Nc3 Nf6 4. Bc4 Bc5 5. Ng5 O-O 6. Nd5 Ng4 7. Qxg4 d6 8.
Qg3 Nd4 9. Qc3 Qxg5 10. O-O Ne2+ 11. Kh1 Nxc3 12. dxc3 Qd8 13. b4 Bb6 14. Nxb6
axb6 15. Re1 Qf6 16. Be3 Bg4 17. f3 Be6 18. Bxe6 Qxe6 19. Red1 Ra3 20. c4 Rxe3
21. Rd3 Rxd3 22. cxd3 c6 23. c5 bxc5 24. bxc5 dxc5 25. Rb1 Qxa2 26. Rxb7 Qa1+
27. Rb1 Qxb1# {RosuMatei est échec et mat} 0-1

[Event "Champ FRA - Under 8"]
[Site "Europe Echecs"]
[Date "2020.07.06"]
[Round "9"]
[Time "17:53:35"]
[PlyCount "55"]
[White "GrondinNathan"]
[Black "RoganovaJeremy"]
[WhiteElo "1300"]
[BlackElo "1020"]
[Mode "WEB"]
[Result "0-1"]

1. e4 c5 2. d4 cxd4 3. Qxd4 Nc6 4. Qd1 Nf6 5. Nc3 g6 6. Bg5 Bg7 7. Bb5 O-O 8.
Nf3 d6 9. O-O e5 10. Nd5 Nxd5 11. Bxd8 Rxd8 12. Qxd5 Nb4 13. Qb3 Nc6 14. Qd5 Nb4
15. Qc4 Nc6 16. Ba4 a6 17. Bb3 Bd7 18. Qxf7+ Kh8 19. Be6 Bxe6 20. Qxe6 Nd4 21.
Rfd1 Nxc2 22. Rac1 Nb4 23. a3 Na2 24. Rc2 Re8 25. Qxd6 Rad8 26. Qc7 Rxd1+ 27.
Ne1 Rxe1# {GrondinNathan est échec et mat} 0-1